000 01246nam a2200301 i 4500
003 EG-GICUC
005 20260121101202.0
008 251110s2011 ua ||||f |||| 00| 0 ara d
040 _a EG-GICUC
_bara
_c EG-GICUC
_d EG-GICUC
_erda
041 _aara
082 0 4 _221
_a345
_bس ا . ن
092 0 4 _221
099 _a law1 07 345 س ا . ن 2011
100 0 _aسامي جمال الدين
_eمؤلف.
245 _aنظرية العمل الإداري :
_bالتعريف بالعمل الإداري - موضوع العمل الإداري - اساليب العمل الإداري /
_cدكتور سامي جمال الدين
264 _aالإسكندرية :
_bدار الجامعة الجديدة ,
_c2011.
300 _a312 صفحة
_c24 سم
336 _2rda content
_atext
337 _2rda media
_aComputer
338 _2rda carrier
_aOnline Resource
500 _aيشتمل علي ارجاعات ببليوجرافية
546 _aالنص أغلبه باللغة العربية بعض النصوص الإنجليزية والفرنسية
650 1 _aالقانون الإداري
_2qrmak
651 1 _2qrmak
856 4 0 _uhttps://fll.law.cu.edu.eg/fulltext/bks/B07-00617.pdf
905 _a74
942 _2ddc
_n0
_cBK
_e21
999 _c42081
_d42081